Normal view
MARC view
Entry Personal Name
001 - CONTROL NUMBER
- control field: 48964
003 - CONTROL NUMBER IDENTIFIER
- control field: ARRUPE
005 - DATE AND TIME OF LATEST TRANSACTION
- control field: 20200121143024.0
008 - FIXED-LENGTH DATA ELEMENTS
- fixed length control field: 200121|| aca||aabn | a|a d
040 ## - CATALOGING SOURCE
- Original cataloging agency: ARRUPE
- Transcribing agency: ARRUPE
100 ## - HEADING--PERSONAL NAME
- Personal name: Hough, Richard,
- Dates associated with a name: 1922-1999.
670 ## - SOURCE DATA FOUND
- Source citation: Work cat.: (ARRUPE)0: Hough, Richard, 1922-1999., Louis & Victoria :, 1974.